000
00241nam a2200097Ia 4500
001
818986
005
20250826171804.0
008
250824s9999 xx 000 0 und d
245
0
_a
KONYA MACERASI
_c
ASENA MERİÇ
260
_b
YEDİVEREN YAYINLARI
999
_c
818986
_d
818986